000 00877nam a2200229Ia 4500
003 GCL
005 20240530095637.0
008 140319s9999 xx 000 0 ara d
020 _a934235977
040 _aGCL /
_cGCL
082 0 4 _a962.034
_bق/م د
100 1 _aمحمد حسين هيكل
245 1 0 _aدين مصر العام /
_cمحمد حسين هيكل
260 _aالقاهرة :
_bالمجلس الاعلى للثقافة ،
_c1998
300 _a145 ص ؛
_c24 سم
490 _aالمشروع القومى للترجمة
_v26
650 0 4 _aمصر - تاريخ - العصر الحديث - الخديوى توفيق ( 1879-1892 م )
650 0 4 _aمصر - تاريخ - العصر الحديث - عصر اسماعيل ( 1863-1879 م )
650 0 4 _aالديون العامة ـ مصر
700 1 _aاحمد محمد حسين هيكل
942 _2ddc
_cBK
999 _c9142
_d9142